Meilleurs passeurs de la Ligue des Champions. - Statistiques

Statistiques générales
  • Ce quiz a été pris 718 fois
  • Le résultat moyen est 8 sur 11
Statistiques - réponses
Nombres de passes Réponse % Correct
42 Cristiano Ronaldo
99%
36 Lionel Messi
99%
28 Karim Benzema
86%
31 Neymar Jr
82%
29 Andres Iniesta
78%
30 Xavi
77%
35 Angel Di Maria
66%
26 Luis Suarez
64%
27 Thomas Müller
61%
31 Ryan Giggs
29%
26 Cesc Fabregas
10%
Aucun quiz correspondant
Distribution des résultats
% des personnes avec chaque résultat
Percentile par nombre de réponses
Votre historique - résultats
Vous n’avez pas pris ce quiz